Sản xuất alumin

Enregistré dans:
Détails bibliographiques
Auteur principal: A I Lainer
Format: Livre
Langue:Undetermined
Publié: Hà Nội KHKT 1978
Sujets:
Tags: Ajouter un tag
Pas de tags, Soyez le premier à ajouter un tag!
Thư viện lưu trữ: Trung tâm Học liệu Trường Đại học Cần Thơ
LEADER 00491nam a2200181Ia 4500
001 CTU_11480
008 210402s9999 xx 000 0 und d
082 |a 669.722 
082 |b L186 
100 |a A I Lainer 
245 0 |a Sản xuất alumin 
245 2 |c A I Lainer, Lê Xuân Khuông, Mai Kỷ 
260 |a Hà Nội 
260 |b KHKT 
260 |c 1978 
650 |a aluminum - metallurgy 
904 |i Minh, 961023 
980 |a Trung tâm Học liệu Trường Đại học Cần Thơ